| 000 | 00719nam a22002777a 4500 | ||
|---|---|---|---|
| 001 | BR9904520 | ||
| 003 | BR-BrBNA | ||
| 005 | 20230928100510.0 | ||
| 007 | ta | ||
| 008 | 230509b bl.||||| |||| 00| 0 por d | ||
| 040 |
_aBR-BrBNA _bpor _cBiblioteca Nacional de Agricultura |
||
| 041 | _a(Por) | ||
| 072 | _aE10; C10 | ||
| 090 | _ E10 BR9904520 | ||
| 100 | 1 | _aMorandi, J. | |
| 245 | 1 | _aA pequena producao rural (o compromisso da capacitacao) | |
| 260 | 3 |
_aRecife, PE (Brasil): _c1988. |
|
| 300 | _a104 p. | ||
| 500 | _a10 ref. | ||
| 650 | _aProducao Agricola | ||
| 650 | _aEconomia Agricola | ||
| 650 | _aReforma Agraria | ||
| 650 | _aTreinamento | ||
| 909 |
_a202309 _bLucia _c55 _dLucia Elande |
||
| 942 | _cBK | ||
| 999 |
_c61567 _d61567 |
||